000
00297nam a22001337a 4500
008
170419b xxu||||| |||| 00| 0 eng d
020
_a
071675019
041
_a
eng
080
_a
573
100
_a
11
101
_a
SHM
245
_a
TIMING OF BIOLOGICAL CLOCS
_c
WINFREE.A.T
942
_2
udc
_c
BK
999
_c
11227
_d
11227